000 00672nam a2200229 a 4500
008
020 _a0078816661 (pbk.)
049 _aMAIN
090 _aHF5548.4.W63
100 1 _aCampbell, Mary V.
245 1 0 _aTeach yourself WordPerfect 5.1 /
_cMary Campbell.
260 _aBerkeley, Calif. :
_bOsborne McGraw-Hill,
_cc1990.
300 _axxxiii, 1041 p. :
_bill. ;
_c23 cm.
500 _aIncludes index.
630 0 0 _aWordPerfect (Computer file).
650 0 _aWord processing.
907 _a.b10052239
_b24-01-04
_c17-04-03
003
005 20230123133226.0
040 _cNUST
942 _cBOOKS
_kHF5548.4.W63
999 _c144922
_d144922